| 000 | 01023cam a2200265 4500 | ||
|---|---|---|---|
| 001 | WB3615-29 | ||
| 008 | 000000n2000 000 0 eng u | ||
| 035 | _a(Sirsi) u105363 | ||
| 245 | _aSquatters lose legal right | ||
| 260 | _c2000 | ||
| 490 |
_aTimes _v 13 April 2000, 4(1) |
||
| 520 | _aReforms are being prepared by the Law Commission to close the loophole which allows squatters to acquire houses or estates by adverse possession. The proposed Land Registration Bill to be published later in 2000, also proposes to replace the paper based house sales process with electronic conveyancing. | ||
| 590 | _aWB | ||
| 650 | _aSQUATTERS RIGHTS | ||
| 650 | _aLAW COMMISSION | ||
| 650 | _aLAND REGISTRATION | ||
| 650 | _aHOME OWNERSHIP | ||
| 650 | _aHOUSE SALES | ||
| 650 | _aADVERSE POSSESSION | ||
| 650 | _aPROPERTY-RESIDENTIAL PROPERTY-ACQUISITION AND DISPOSAL OF RESIDENTIAL PROPERTY | ||
| 650 | _aCONVEYANCING | ||
| 650 | _aECONVEYANCING | ||
| 690 | _aPROPERTY AND LAND LAW-RESIDENTIAL | ||
| 942 | _n0 | ||
| 999 |
_c63161 _d63161 |
||